| 000 | 01231nam a22002297a 4500 | ||
|---|---|---|---|
| 999 |
_c57376 _d57376 |
||
| 003 | Ge_BSU | ||
| 005 | 20200611153319.0 | ||
| 008 | 200611s2014ge xxu||||| |||| 00| 0 geo d | ||
| 020 | _a9789941939204 | ||
| 041 | _ageo | ||
| 080 | _a617.52-089.844 ტ -52 | ||
| 100 |
_aტიმოფეევი, ა.ა. _98364 |
||
| 245 |
_aყბა-სახის მიდამოს ესთეტიკური, პლასტიკური და რეკონსტრუქციული ქირურგია / _cა.ა. ტიმოფეევი ; თარგმანი ნათია ვასაძე ; რედ.: ზურაბ ჩიჩუა, მამუკა გოგიბერიძე. |
||
| 264 |
_aთბილისი, _c2014. |
||
| 300 |
_a92 გვ. : _b სურ. ; _c20 სმ. |
||
| 653 | _aპლასტიკური ქირურგია. | ||
| 653 | _aმედიცინა | ||
| 700 |
_aვასაძე, ნათია _eთარგმანი _98365 |
||
| 700 |
_a ჩიჩუა, ზურაბ _eრედაქტორი _98366 |
||
| 700 |
_aგოგიბერიძე, მამუკა _eრედაქტორი _98367 |
||
| 942 |
_2udc _cBK |
||